| 000 | 00432nam a22001337a 4500 | ||
|---|---|---|---|
| 008 | 140326b xxu||||| |||| 00| 0 eng d | ||
| 050 | _aBX1968.M953 | ||
| 100 |
_aMudalitsa, John _99440 |
||
| 245 |
_aReligious Education with a Difference _ba personalm view _cJohn Mudalitsa |
||
| 260 |
_aKabwe _bNkrumah Teachers' College _c2002 |
||
| 300 |
_a84p. ; _c21cm. |
||
| 650 |
_aCatechetics _xCatholic Church _99441 |
||
| 942 |
_2lcc _cMONOGRAPH |
||
| 999 |
_c120280 _d120280 |
||